Word Ladder: Piggy Things Quiz Stats

 Plays Quiz Updated Mar 6, 2015

Challenge
Share
Tweet
Embed
Score 0/19 Timer 04:00
1 Play Today
Clue 5-Letter Word % Correct
Mrs. Homer SimpsonMARGE
95.9%
Eastwood the actor-directorCLINT
95.7%
Temporarily lose consciousnessFAINT
95.3%
A stone needed to make sparksFLINT
95%
Tempera, latex or watercolor, e.g.PAINT
94.6%
Easternmost US stateMAINE
94.2%
A flat-bottomed boatBARGE
93.9%
A support for a broken armSLING
93.9%
An indicator of a sheriff's rankBADGE
93.1%
Stick toCLING
92.7%
Clue 5-Letter Word % Correct
Thomas who wrote 'Common Sense'PAINE
91.4%
One of The PoliceSTING
89.2%
A French river that flows into the SeineMARNE
87.4%
R.L. who gives us GoosebumpsSTINE
85.9%
Cause to moveBUDGE
85.4%
A pigSWINE
80.3%
Make a silk ___ of a sow's earPURSE
76%
Rid yourself of or evacuate a containerPURGE
74.5%
Nickname for Carlton Fisk or I-RodPUDGE
73.2%

Today's Daily Dose

You're not logged in!

Compare scores with friends on all Sporcle quizzes.
OR
Log In

You Might Also Like...

Show Comments

Extras

Top Quizzes Today


Score Distribution

Your Account Isn't Verified!

In order to create a playlist on Sporcle, you need to verify the email address you used during registration. Go to your Sporcle Settings to finish the process.

Report this User

Report this user for behavior that violates our Community Guidelines.

Details: